000 00290nam a22001337a 4500
008 170629b xxu||||| |||| 00| 0 eng d
020 _a9780393927191
041 _aeng
080 _a82
100 _a22
101 _aGJL
245 _aENGLISH LITERATURE
_cGREENBLATT, S
942 _2udc
_cBK
999 _c19450
_d19450